000 00485nam a2200157 a 4500
001 59153
005 20180714060030.0
008 140415s1970 cs 000 0 spa d
041 _aspa
100 1 _aEINHORN, ERICH
245 1 0 _aPRAZSKY HRAD= IIPAKCKII I PAII= DIE PRAGER BURG= THE CASTLE OF PRAGUE.
250 _a1a ed.
260 _aCHECOSLOVAKIA :
_bPRESSFOTO PRAHA,
_c1970.
650 1 4 _aEDIFICIOS, ESTRUCTURAS, CASTILLOS
700 1 _aCERNY, BLAHOSLAV
_ecoaut.
999 _c59153
_d59153